Statistics for Most Loyal Players in Top 5 Leagues

Click here to take the quiz!

General Stats

  • This quiz has been taken 47 times
  • The average score is 9 of 27

Answer Stats

RankLength of ServiceClubAnswer% Correct
116 y 09 m 04 dBarcelonaLionel Messi
94%
815 y 01 m 05 dReal MadridSergio Ramos
89%
415 y 03 m 05 dJuventusGiorgio Chiellini
77%
1412 y 03 m 05 dBayern MunichThomas Müller
74%
1412 y 03 m 05 dBarcelonaGerard Piqué
71%
1013 y 03 m 05 dBarcelonaSergio Busquets
69%
913 y 09 m 04 dReal MadridMarcelo
57%
1412 y 03 m 05 dAtletico MadridKoke
51%
116 y 09 m 04 dWest Ham UnitedMark Noble
51%
2211 y 03 m 05 dBayern MunichDavid Alaba
46%
1013 y 03 m 05 dBorussia DortmundMarcel Schmelzer
31%
1213 y 02 m 11 dTottenham HotspurDanny Rose
26%
2211 y 03 m 05 dReal MadridNacho Fernández
23%
1412 y 03 m 05 dOlympique LyonAnthony Lopes
17%
2111 y 09 m 04 dEvertonSeamus Coleman
17%
1412 y 03 m 05 dOsasunaRoberto Torres
14%
2211 y 03 m 05 dCelta VigoHugo Mallo
11%
2111 y 09 m 04 dAthletic BilbaoIker Muniain
11%
415 y 03 m 05 dSassuoloFrancesco Magnanelli
9%
1412 y 03 m 05 dLazioStefan Radu
9%
415 y 03 m 05 dOsasunaOier Sanjurjo
6%
2211 y 03 m 05 dBorussia MönchengladbachTony Jantschke
6%
1312 y 09 m 04 dVillarrealMario Gaspar
3%
316 y 03 m 05 dCelta VigoSergio Álvarez
3%
415 y 03 m 05 dSaint-ÉtienneJessy Moulin
0%
2211 y 03 m 05 dFreiburgNicolas Höfler
0%
1412 y 03 m 05 dAngersVincent Manceau
0%

Score Distribution

Percentile by Number Answered

Percent of People with Each Score

Your Score History

You have not taken this quiz